00713cam a2200241 a 45000010008000000030006000080050017000140080041000310100018000720200015000900350024001050350012001290400018001410820017001591000019001762450069001952600047002643000020003115030065003315040041003966500013004376500021004503749182GBCCL20241126110550.0830502r19791968ilu 000 0 eng d a 72084420  a0842358951 a(OCoLC)ocn685705440 a3749182 aTBIcTBIdYUS a248.844bLAH1 aLaHaye, Tim F.10aSix keys to a happy marriage:bA Tyndale Treasure /cTim LaHaye. aIllinois:bTyndale House Publishers,c1968 a54 p. ;c18 cm. aAdapted from "How to be happy though married" by Tim LaHaye. aIncludes bibliographical references. 0aMarriage 0aHusband and wife